|
|
|
|
| LEADER |
00000nam0a2200000 4500 |
| 001 |
247992 |
| 005 |
20231101232340.0 |
| 010 |
|
|
|a 5762500659
|
| 035 |
|
|
|a (RuTPU)RU\TPU\book\269634
|
| 090 |
|
|
|a 247992
|
| 100 |
|
|
|a 20140116d1988 m y0rusy50 ca
|
| 101 |
0 |
|
|a rus
|
| 102 |
|
|
|a RU
|
| 105 |
|
|
|a a z 000zd
|
| 200 |
1 |
|
|a Созидающее пламя
|f Л. В. Баньковский
|
| 210 |
|
|
|a Пермь
|c Пермское книжное издательство
|d 1988
|
| 215 |
|
|
|a 141 с.
|c ил.
|
| 600 |
|
1 |
|a Славянов
|b Н. Г.
|c российский изобретатель
|f 1854-1897
|g Николай Гаврилович
|2 stltpush
|3 (RuTPU)RU\TPU\pers\13138
|9 3822
|
| 606 |
1 |
|
|a Электросварка
|2 stltpush
|3 (RuTPU)RU\TPU\subj\20788
|9 86190
|
| 610 |
1 |
|
|a тепловые процессы
|
| 610 |
1 |
|
|a изобретения
|
| 610 |
1 |
|
|a исследования
|
| 610 |
1 |
|
|a открытия
|
| 610 |
1 |
|
|a сварка
|
| 675 |
|
|
|a 621.791.75
|v 3
|
| 700 |
|
1 |
|a Баньковский
|b Л. В.
|g Лев Владимирович
|
| 801 |
|
1 |
|a RU
|b 63413507
|c 20140116
|
| 801 |
|
2 |
|a RU
|b 63413507
|c 20140117
|g RCR
|
| 942 |
|
|
|c BK
|